[Event "Titled Tuesday intern op 11th May"]
[Site "Chess.com INT"]
[Date "2021.05.11"]
[Round "5"]
[White "Zhou, Yang Fan"]
[Black "Botea, David Alexandru"]
[Result "1-0"]
[WhiteElo "2436"]
[BlackElo "2018"]
[PlyCount "39"]
[EventDate "2021.05.11"]
[EventType "swiss (blitz)"]
[EventRounds "11"]
[EventCountry "USA"]
[SourceTitle "CBM 202 Extra"]
[Source "ChessBase"]
[SourceDate "2021.07.31"]
[SourceVersion "1"]
[SourceVersionDate "2021.07.31"]
[SourceQuality "1"]

1. e4 e6 2. d3 d5 3. Qe2 Be7 4. Nf3 Nf6 5. g3 0-0 6. Bg2 c5 7. 0-0 Nc6 8. e5 Nd7 9. c4 Nb6 10. b3 a5 11. a4 Qc7 12. Nc3 f6 13. Nb5 Qb8 14. Bf4 g5 15. exf6 gxf4 16. fxe7 Nxe7 17. Ng5 e5 18. Rfe1 dxc4 19. dxc4 Ng6 20. Qh5 1-0

[Event "BCF-chTb 1819 (4NCL)"]
[Site "Daventry"]
[Date "2019.01.13"]
[Round "4.61"]
[White "Cornette, Matthieu"]
[Black "Zhou, Yang Fan"]
[Result "1/2-1/2"]
[WhiteElo "2587"]
[BlackElo "2432"]
[PlyCount "48"]
[EventDate "2018.11.10"]
[EventType "team-tourn"]
[EventRounds "11"]
[EventCountry "ENG"]
[SourceTitle "CBM 188 Extra"]
[Source "ChessBase"]
[SourceDate "2019.02.26"]
[SourceVersion "1"]
[SourceVersionDate "2019.02.26"]
[SourceQuality "1"]
[WhiteTeam "Celtic Tigers"]
[BlackTeam "Guildford II"]
[WhiteTeamCountry "ENG"]
[BlackTeamCountry "ENG"]

1. e4 c5 2. Nf3 d6 3. Nc3 Nf6 4. e5 dxe5 5. Nxe5 Nbd7 6. d4 e6 7. Bb5 Be7 8. d5 exd5 9. Nxd5 0-0 10. Nxd7 Nxd7 11. Bf4 Qa5+ 12. Qd2 Qxb5 13. Nxe7+ Kh8 14. 0-0-0 Nb6 15. Be5 f6 16. Bc3 Be6 17. Rhe1 Bxa2 18. Re4 Rae8 19. Qe3 Rxe7 20. Rxe7 Nd5 21. Qe1 Nxe7 22. Qxe7 Re8 23. Qd7 Bc4 24. b3 Be2 1/2-1/2

[Event "London Classic op 10th"]
[Site "London"]
[Date "2018.12.14"]
[Round "6"]
[White "Zhou, Yang Fan"]
[Black "Tomaszewski, Kacper"]
[Result "1/2-1/2"]
[WhiteElo "2434"]
[BlackElo "2259"]
[PlyCount "118"]
[EventDate "2018.12.09"]
[EventType "swiss"]
[EventRounds "9"]
[EventCountry "ENG"]
[SourceTitle "CBM 187 Extra"]
[Source "ChessBase"]
[SourceDate "2018.11.04"]
[SourceVersion "1"]
[SourceVersionDate "2018.11.04"]
[SourceQuality "1"]

1. e4 c6 2. d4 d5 3. Nc3 dxe4 4. Nxe4 Bf5 5. Nc5 e5 6. Nxb7 Qb6 7. Nc5 exd4 8. Nb3 c5 9. Bd3 Be6 10. Qe2 Nf6 11. Nf3 Be7 12. 0-0 Nc6 13. Ng5 Bd5 14. c4 dxc3 15. bxc3 h6 16. Nh3 g5 17. Rb1 Be6 18. Nd4 Nxd4 19. cxd4 Qc7 20. dxc5 0-0 21. Bb2 Ng4 22. f4 Qxc5+ 23. Kh1 Qe3 24. f5 Bxa2 25. Qxg4 Qxd3 26. Rbd1 Qc4 27. Qh5 Qh4 28. Qe2 Rae8 29. Qe5 f6 30. Qa5 Qc4 31. Rc1 Qb3 32. Bd4 Bb4 33. Qxa7 Rf7 34. Qa6 Qd5 35. Bxf6 Qa8 36. Qb6 Bd5 37. Rf2 Qa3 38. Bb2 Qxh3 39. Qd4 Bxg2+ 40. Rxg2 Kh7 41. Qxb4 Qxf5 42. Qc4 Re4 43. Qc3 Kg6 44. Qh8 Kh5 45. Qc3 Rf4 46. Rcg1 Rf3 47. Qh8 Rf1 48. Bd4 Qe4 49. Qd8 R7f4 50. Qd7 Kh4 51. Qd6 h5 52. Qc5 g4 53. Be3 Rf5 54. Qd4 Qc6 55. Rxf1 Rxf1+ 56. Bg1 Kh3 57. Qe3+ Qf3 58. Qxf3+ Rxf3 59. Re2 h4 1/2-1/2

[Event "BCF-chT1c 1718 (4NCL) Promotion pool"]
[Site "England"]
[Date "2018.03.18"]
[Round "8.11"]
[White "Sadler, Matthew D"]
[Black "Zhou, Yang Fan"]
[Result "1-0"]
[WhiteElo "2687"]
[BlackElo "2461"]
[PlyCount "83"]
[EventDate "2017.01.11"]
[EventType "team-swiss"]
[EventRounds "11"]
[EventCountry "ENG"]
[SourceTitle "EXT 2019"]
[Source "ChessBase"]
[SourceDate "2018.10.10"]
[SourceVersion "1"]
[SourceVersionDate "2018.10.10"]
[SourceQuality "1"]
[WhiteTeam "Guildford"]
[BlackTeam "Guildford II"]
[WhiteTeamCountry "ENG"]
[BlackTeamCountry "ENG"]

1. d4 Nf6 2. c4 g6 3. Nc3 Bg7 4. e4 d6 5. f3 0-0 6. Bg5 c5 7. d5 h6 8. Be3 e6 9. Qd2 exd5 10. cxd5 Re8 11. Rc1 a6 12. b3 b5 13. Bd3 h5 14. Nge2 Nbd7 15. 0-0 b4 16. Na4 Nb6 17. Nxb6 Qxb6 18. Kh1 a5 19. Bh6 Bh8 20. Nf4 a4 21. g4 Re5 22. g5 Nd7 23. Ng2 axb3 24. axb3 Ra3 25. f4 Re8 26. e5 dxe5 27. f5 e4 28. fxg6 Qxg6 29. Nf4 Qd6 30. Bb5 Rxb3 31. g6 f5 32. Qe2 Re7 33. Qxh5 Nf6 34. Qh4 Ra7 35. Rc2 e3 36. Rg2 Ng4 37. Be8 Ba6 38. Bf7+ Rxf7 39. gxf7+ Kxf7 40. Qh5+ Ke7 41. Bf8+ Kxf8 42. Ne6+ 1-0

[Event "PRO League Stage"]
[Site "Chess.com INT"]
[Date "2018.02.24"]
[Round "7"]
[White "Hansen, Eric"]
[Black "Zhou, Yang Fan"]
[Result "0-1"]
[WhiteElo "2629"]
[BlackElo "2449"]
[PlyCount "68"]
[EventDate "2018.01.18"]
[EventType "team-swiss (rapid)"]
[EventRounds "9"]
[EventCountry "USA"]
[SourceTitle "EXT 2019"]
[Source "ChessBase"]
[SourceDate "2018.10.10"]
[SourceVersion "1"]
[SourceVersionDate "2018.10.10"]
[SourceQuality "1"]
[WhiteTeam "Montreal ChessBrahs"]
[BlackTeam "London Lions"]
[WhiteTeamCountry "CAN"]
[BlackTeamCountry "ENG"]

1. e4 c5 2. Nf3 d6 3. d4 Nf6 4. Nc3 cxd4 5. Qxd4 a6 6. Bg5 Nc6 7. Qd2 e6 8. 0-0-0 h6 9. Be3 Ng4 10. Bf4 e5 11. Bg3 Be6 12. Nd5 Rc8 13. Kb1 Nf6 14. Qe3 Be7 15. Nxf6+ gxf6 16. a3 b5 17. Nh4 b4 18. Nf5 bxa3 19. Qxa3 Bxf5 20. exf5 Nd4 21. Qa4+ Kf8 22. Rxd4 exd4 23. Qxd4 Qc7 24. Bd3 Qc5 25. Qf4 Rb8 26. Re1 Qc3 27. Qc1 Rxb2+ 28. Qxb2 Qxe1+ 29. Ka2 Kg7 30. f3 Qa5+ 31. Qa3 Qd2 32. Qa4 Rb8 33. Qa3 Rb7 34. Be4 Rb5 0-1

[Event "PRO League Stage"]
[Site "Chess.com INT"]
[Date "2018.02.24"]
[Round "7"]
[White "Shimanov, Aleksandr"]
[Black "Zhou, Yang Fan"]
[Result "1-0"]
[WhiteElo "2641"]
[BlackElo "2449"]
[PlyCount "79"]
[EventDate "2018.01.18"]
[EventType "team-swiss (rapid)"]
[EventRounds "9"]
[EventCountry "USA"]
[SourceTitle "EXT 2019"]
[Source "ChessBase"]
[SourceDate "2018.10.10"]
[SourceVersion "1"]
[SourceVersionDate "2018.10.10"]
[SourceQuality "1"]
[WhiteTeam "Webster Windmills"]
[BlackTeam "London Lions"]
[WhiteTeamCountry "USA"]
[BlackTeamCountry "ENG"]

1. b3 a5 2. e4 a4 3. Bb2 e6 4. Nf3 d5 5. exd5 exd5 6. d4 Nf6 7. Bd3 Bd6 8. 0-0 0-0 9. h3 Ne4 10. c4 c6 11. bxa4 Nd7 12. cxd5 cxd5 13. Nc3 Ndf6 14. Nb5 Bb8 15. Ne5 Qa5 16. Bc2 Be6 17. Bb3 Rc8 18. Rc1 Qd8 19. Qe2 h6 20. Rxc8 Bxc8 21. Rc1 Be6 22. Qc2 Ne8 23. f3 Ng3 24. Re1 Nf5 25. Qf2 g6 26. g4 Nfd6 27. Nxg6 Nc4 28. Bc1 fxg6 29. Rxe6 Ra6 30. Re1 Kg7 31. Qe2 Ned6 32. Qe7+ Qxe7 33. Rxe7+ Kf6 34. Rd7 h5 35. Nc3 Ra5 36. Bf4 hxg4 37. hxg4 Nb5 38. axb5 Bxf4 39. Nxd5+ Kg5 40. Bxc4 1-0

[Event "PRO League Stage"]
[Site "Chess.com INT"]
[Date "2018.02.24"]
[Round "7"]
[White "Zhou, Yang Fan"]
[Black "Flores Rios, Mauricio"]
[Result "0-1"]
[WhiteElo "2449"]
[BlackElo "2529"]
[PlyCount "142"]
[EventDate "2018.01.18"]
[EventType "team-swiss (rapid)"]
[EventRounds "9"]
[EventCountry "USA"]
[SourceTitle "EXT 2019"]
[Source "ChessBase"]
[SourceDate "2018.10.10"]
[SourceVersion "1"]
[SourceVersionDate "2018.10.10"]
[SourceQuality "1"]
[WhiteTeam "London Lions"]
[BlackTeam "Minnesota Blizzard"]
[WhiteTeamCountry "ENG"]
[BlackTeamCountry "USA"]

1. e4 c5 2. Nf3 e6 3. b3 b6 4. Bb2 Bb7 5. Qe2 d6 6. Nc3 Nd7 7. d4 cxd4 8. Nxd4 Ngf6 9. 0-0-0 a6 10. g4 h6 11. Bg2 g5 12. h4 Rg8 13. hxg5 hxg5 14. Nf5 Ne5 15. Nd5 exd5 16. exd5 Nfd7 17. Nd4 Qf6 18. Nc6 Bg7 19. Kb1 Kf8 20. Rh3 Re8 21. Re1 Rh8 22. Rf3 Qg6 23. Rf5 Kg8 24. Qd2 Bf6 25. Be4 Qg7 26. c4 Rh4 27. f3 Qh6 28. Bc2 Rh2 29. Qe3 Rh1 30. a3 Rxe1+ 31. Qxe1 Kf8 32. Qd2 Kg7 33. Ka2 Rh8 34. Nd4 Qh2 35. Rxg5+ Kf8 36. Qc1 Nd3 37. Bxd3 Bxd4 38. Rf5 Bxb2 39. Qxb2 Qxb2+ 40. Kxb2 Ne5 41. Be4 Ke7 42. Rh5 Rxh5 43. gxh5 Bc8 44. h6 f5 45. h7 Nf7 46. Bd3 Kf6 47. Kc3 Kg7 48. f4 Kxh7 49. b4 Kg7 50. Kd4 Kf6 51. c5 bxc5+ 52. bxc5 Ke7 53. c6 Kd8 54. a4 Kc7 55. a5 Nh6 56. Ke3 Ng4+ 57. Kf3 Nf6 58. Bc4 Kd8 59. Ke3 Kc7 60. Kf3 Ne4 61. Ke3 Kd8 62. Kd4 Ke7 63. Bd3 Nf6 64. Bc4 Kf7 65. Be2 Kg6 66. Bf3 Ng4 67. Kd3 Kh5 68. Ke2 Kh4 69. Bxg4 Kxg4 70. Ke3 Kg3 71. c7 Kg4 0-1

[Event "PRO League Stage"]
[Site "Chess.com INT"]
[Date "2018.02.03"]
[Round "4"]
[White "Swapnil, S Dhopade"]
[Black "Zhou, Yang Fan"]
[Result "1-0"]
[WhiteElo "2533"]
[BlackElo "2449"]
[PlyCount "31"]
[EventDate "2018.01.18"]
[EventType "team-swiss (rapid)"]
[EventRounds "9"]
[EventCountry "USA"]
[SourceTitle "CBM 182 Extra"]
[Source "ChessBase"]
[SourceDate "2018.02.23"]
[SourceVersion "1"]
[SourceVersionDate "2018.02.23"]
[SourceQuality "1"]
[WhiteTeam "Mumbai Movers"]
[BlackTeam "London Lions"]
[WhiteTeamCountry "IND"]
[BlackTeamCountry "ENG"]

1. d4 Nf6 2. c4 g6 3. Nc3 Bg7 4. e4 0-0 5. Nf3 d6 6. Be2 e5 7. 0-0 Nc6 8. dxe5 dxe5 9. Bg5 h6 10. Qxd8 Rxd8 11. Bxf6 Bxf6 12. Nd5 Kg7 13. Nxc7 Rb8 14. h3 Nd4 15. Nxd4 Rxd4 16. Ne8+ 1-0

[Event "PRO League Stage"]
[Site "Chess.com INT"]
[Date "2018.02.03"]
[Round "4"]
[White "Zhou, Yang Fan"]
[Black "Haldorsen, Benjamin"]
[Result "0-1"]
[WhiteElo "2449"]
[BlackElo "2405"]
[PlyCount "82"]
[EventDate "2018.01.18"]
[EventType "team-swiss (rapid)"]
[EventRounds "9"]
[EventCountry "USA"]
[SourceTitle "CBM 182 Extra"]
[Source "ChessBase"]
[SourceDate "2018.02.23"]
[SourceVersion "1"]
[SourceVersionDate "2018.02.23"]
[SourceQuality "1"]
[WhiteTeam "London Lions"]
[BlackTeam "Oslo Trolls"]
[WhiteTeamCountry "ENG"]
[BlackTeamCountry "NOR"]

1. e4 e5 2. Nf3 Nc6 3. Bc4 Bc5 4. c3 Nf6 5. d3 a6 6. h3 Ba7 7. Nbd2 d6 8. Bb3 Ne7 9. Nf1 Ng6 10. Qe2 Be6 11. g4 Qd7 12. Ng3 Bxb3 13. axb3 h5 14. g5 Ng8 15. Nf5 N8e7 16. N3h4 Nxh4 17. Nxh4 0-0-0 18. Be3 Bxe3 19. Qxe3 Kb8 20. Nf3 f5 21. gxf6 gxf6 22. b4 f5 23. c4 fxe4 24. dxe4 Qc6 25. Nd2 Ng6 26. b5 axb5 27. Qa7+ Kc8 28. Rg1 Rhg8 29. Rg5 bxc4 30. Ra4 b5 31. Ra5 Kd7 32. Rxh5 Nf4 33. Rh7+ Ke6 34. Kf1 Ra8 35. Rh6+ Kf7 36. Rh7+ Kg6 37. Rxc7 Rxa7 38. Raxa7 Qe8 39. Nf3 Kf6 40. Nh4 Qh5 41. Nf5 Qd1# 0-1

[Event "PRO League Stage"]
[Site "Chess.com INT"]
[Date "2018.02.03"]
[Round "4"]
[White "Zhou, Yang Fan"]
[Black "Zwardon, Vojtech"]
[Result "1-0"]
[WhiteElo "2449"]
[BlackElo "2412"]
[PlyCount "105"]
[EventDate "2018.01.18"]
[EventType "team-swiss (rapid)"]
[EventRounds "9"]
[EventCountry "USA"]
[SourceTitle "CBM 182 Extra"]
[Source "ChessBase"]
[SourceDate "2018.02.23"]
[SourceVersion "1"]
[SourceVersionDate "2018.02.23"]
[SourceQuality "1"]
[WhiteTeam "London Lions"]
[BlackTeam "Riga Magicians"]
[WhiteTeamCountry "ENG"]
[BlackTeamCountry "LAT"]

1. e4 c5 2. Nf3 Nc6 3. Bb5 g6 4. Bxc6 dxc6 5. d3 Bg7 6. h3 Nf6 7. Nc3 0-0 8. Be3 b6 9. Qd2 e5 10. 0-0 Qd6 11. a4 Nh5 12. Ne2 f5 13. exf5 gxf5 14. Bg5 f4 15. a5 b5 16. Kh2 Be6 17. Nc3 Bd5 18. Ne4 Qg6 19. Be7 Rfe8 20. Nh4 Qh6 21. Bxc5 Bxe4 22. dxe4 Ng3 23. Nf5 Nxf1+ 24. Rxf1 Qe6 25. Rd1 Bf6 26. Qd7 a6 27. Rd6 Qxd7 28. Rxd7 Bg5 29. Rg7+ Kh8 30. Rxg5 Rad8 31. Be7 Rxe7 32. Nxe7 h6 33. Rxe5 Rd2 34. Rc5 Rxf2 35. Rxc6 f3 36. Kg3 Rxg2+ 37. Kxf3 Rh2 38. Kg4 Kg7 39. Nf5+ Kh7 40. Rxh6+ Kg8 41. Rxa6 Rxc2 42. Rb6 Rxb2 43. a6 Ra2 44. e5 b4 45. Kg5 b3 46. e6 b2 47. Kf6 Rxa6 48. Rxb2 Kh7 49. Rb7+ Kg8 50. h4 Rc6 51. h5 Ra6 52. h6 Rc6 53. Ne7+ 1-0

[Event "London Classic op"]
[Site "London"]
[Date "2017.12.06"]
[Round "6"]
[White "Fenil, Shah"]
[Black "Zhou, Yang Fan"]
[Result "1/2-1/2"]
[WhiteElo "2324"]
[BlackElo "2459"]
[PlyCount "66"]
[EventDate "2017.12.02"]
[EventType "swiss"]
[EventRounds "9"]
[EventCountry "ENG"]
[SourceTitle "CBM 182 Extra"]
[Source "ChessBase"]
[SourceDate "2018.02.23"]
[SourceVersion "1"]
[SourceVersionDate "2018.02.23"]
[SourceQuality "1"]

1. e4 c5 2. c3 Nf6 3. e5 Nd5 4. d4 cxd4 5. Nf3 d6 6. cxd4 e6 7. a3 Bd7 8. Bd3 Bc6 9. 0-0 Nd7 10. b4 a6 11. Nbd2 Nc3 12. Qb3 Rc8 13. Qxc3 Bxf3 14. Qb2 Bd5 15. Ne4 Bxe4 16. Bxe4 d5 17. Bd3 Be7 18. Qe2 Nb6 19. Qg4 g6 20. Bh6 Rc3 21. Rfd1 Bf8 22. Bg5 Be7 23. Bh6 Bf8 24. Bg5 Qc7 25. Rac1 Bg7 26. Qe2 0-0 27. Bd2 Rxc1 28. Rxc1 Qb8 29. b5 axb5 30. Bxb5 Rc8 31. Qd1 Nc4 32. Bb4 Bh6 33. Rc3 Qc7 1/2-1/2

[Event "London Classic op"]
[Site "London"]
[Date "2017.12.04"]
[Round "4"]
[White "Marzano, Carlo"]
[Black "Zhou, Yang Fan"]
[Result "0-1"]
[WhiteElo "2261"]
[BlackElo "2459"]
[PlyCount "126"]
[EventDate "2017.12.02"]
[EventType "swiss"]
[EventRounds "9"]
[EventCountry "ENG"]
[SourceTitle "CBM 182 Extra"]
[Source "ChessBase"]
[SourceDate "2018.02.23"]
[SourceVersion "1"]
[SourceVersionDate "2018.02.23"]
[SourceQuality "1"]

1. d4 g6 2. c4 Bg7 3. Nf3 d6 4. e4 Nf6 5. Nc3 0-0 6. Be2 Nbd7 7. Be3 e5 8. d5 Ng4 9. Bg5 f6 10. Bd2 Nh6 11. h4 f5 12. Ng5 Nc5 13. h5 f4 14. Nh3 g5 15. f3 Bf6 16. b4 g4 17. Nf2 Na6 18. a3 Bh4 19. Bf1 c5 20. b5 Nc7 21. Ke2 Ne8 22. Nd3 Ng7 23. Be1 g3 24. Kd2 Nxh5 25. Kc2 Ng7 26. a4 a6 27. Qb1 Bg5 28. Ne2 Nf7 29. Bc3 Nh8 30. Qb2 Ng6 31. Ndc1 h5 32. Ng1 Be7 33. Nce2 Bd7 34. Nc1 h4 35. Nb3 b6 36. Nc1 Nh5 37. Nb3 Nf6 38. Nc1 Nh7 39. Nh3 Ng5 40. Nxg5 Bxg5 41. Ne2 h3 42. gxh3 Nh4 43. Rg1 Nxf3 44. Rh1 Qf6 45. Qc1 Nh4 46. Rg1 Kh8 47. Qd1 axb5 48. axb5 Rxa1 49. Bxa1 Nf3 50. Bg2 Nxg1 51. Nxg1 f3 52. Nxf3 Bh6 53. Bc3 Bxh3 54. Nxe5 dxe5 55. Qh5 Bxg2 56. Bxe5 Bxe4+ 57. Kb3 Kh7 58. Bxf6 Rxf6 59. Qg4 Rg6 60. Qxe4 g2 61. Qe7+ Bg7 62. Qh4+ Kg8 63. Qd8+ Bf8 0-1

[Event "BCF-chT1b 1718 (4NCL)"]
[Site "England"]
[Date "2017.11.11"]
[Round "1.61"]
[White "Turner, Matthew"]
[Black "Zhou, Yang Fan"]
[Result "1-0"]
[WhiteElo "2545"]
[BlackElo "2461"]
[PlyCount "131"]
[EventDate "2017.11.11"]
[EventType "team-swiss"]
[EventRounds "11"]
[EventCountry "ENG"]
[SourceTitle "CBM 181 Extra"]
[Source "ChessBase"]
[SourceDate "2017.12.12"]
[SourceVersion "1"]
[SourceVersionDate "2017.12.12"]
[SourceQuality "1"]
[WhiteTeam "Barbican"]
[BlackTeam "Guildford II"]
[WhiteTeamCountry "ENG"]
[BlackTeamCountry "ENG"]

1. Nf3 Nf6 2. g3 g6 3. Bg2 Bg7 4. 0-0 0-0 5. d3 Re8 6. e4 e5 7. Nc3 c6 8. d4 exd4 9. Nxd4 d6 10. Nb3 a5 11. a4 Bg4 12. Qd3 Na6 13. Bf4 d5 14. h3 Be6 15. Rad1 Qc8 16. exd5 Nb4 17. Qd2 Nfxd5 18. Ne4 Rd8 19. Nbc5 Nxf4 20. Qxf4 Nxc2 21. Rxd8+ Qxd8 22. Nxb7 Qb6 23. Nbc5 Nd4 24. Kh2 Qxb2 25. Rd1 Bd5 26. Nf6+ Bxf6 27. Bxd5 Nf5 28. Bg2 Qb4 29. Ne4 Bd4 30. g4 Qe7 31. Kg1 Be5 32. Qg5 Qxg5 33. Nxg5 Nd4 34. Nf3 Nxf3+ 35. Bxf3 Rc8 36. Rd7 Kg7 37. Ra7 Bc3 38. Kg2 Bb4 39. Be2 Kf6 40. Bc4 Ke5 41. Rxf7 Kd4 42. Ba6 Rh8 43. h4 c5 44. Rf3 Ke5 45. Kg3 Bd2 46. Rf7 Ra8 47. Bb5 Rc8 48. Re7+ Kd4 49. Rxh7 c4 50. Rd7+ Kc3 51. g5 Be1 52. Re7 Kd2 53. Be8 c3 54. Bxg6 Rf8 55. Rd7+ Ke2 56. Bd3+ Kd1 57. Bf5+ Bd2 58. g6 c2 59. Bxc2+ Kxc2 60. Rxd2+ Kxd2 61. h5 Rf5 62. f4 Rxh5 63. g7 Rh1 64. Kg2 Rh4 65. g8Q Rxf4 66. Qg5 1-0

[Event "GBR-ch 104th"]
[Site "Llandudno"]
[Date "2017.08.04"]
[Round "7"]
[White "Zhou, Yang Fan"]
[Black "Murphy, Conor"]
[Result "1/2-1/2"]
[WhiteElo "2468"]
[BlackElo "2154"]
[PlyCount "76"]
[EventDate "2017.07.29"]
[EventType "swiss"]
[EventRounds "9"]
[EventCountry "WLS"]
[SourceTitle "CBM 179 Extra"]
[Source "ChessBase"]
[SourceDate "2017.08.23"]
[SourceVersion "1"]
[SourceVersionDate "2017.08.23"]
[SourceQuality "1"]

1. e4 c5 2. Nf3 e6 3. d4 cxd4 4. Nxd4 Nc6 5. Nc3 Qc7 6. f4 a6 7. Nxc6 bxc6 8. Bd3 d5 9. 0-0 Nf6 10. Qe2 Be7 11. Bd2 0-0 12. Rae1 Re8 13. Kh1 Bf8 14. b3 Bb7 15. e5 Nd7 16. Na4 c5 17. c4 d4 18. Be4 Bxe4 19. Qxe4 g6 20. h4 h5 21. g4 Qd8 22. g5 Qc7 23. Rb1 a5 24. Kg1 Ra6 25. Nb2 Nb8 26. Kh2 Nc6 27. Kh3 Ne7 28. Rf3 Nf5 29. Rd3 Rb8 30. Na4 Be7 31. Re1 Kg7 32. Rd1 Qa7 33. Re1 Rb7 34. Rd1 Qb8 35. Qe1 Qa8 36. Qh1 Qc8 37. Qe4 Qa8 38. Qh1 Qc8 1/2-1/2

[Event "GBR-ch 104th"]
[Site "Llandudno"]
[Date "2017.08.02"]
[Round "5"]
[White "Zhou, Yang Fan"]
[Black "McPhillips, Joseph"]
[Result "1-0"]
[WhiteElo "2468"]
[BlackElo "2400"]
[PlyCount "111"]
[EventDate "2017.07.29"]
[EventType "swiss"]
[EventRounds "9"]
[EventCountry "WLS"]
[SourceTitle "CBM 179 Extra"]
[Source "ChessBase"]
[SourceDate "2017.08.23"]
[SourceVersion "1"]
[SourceVersionDate "2017.08.23"]
[SourceQuality "1"]

1. e4 c5 2. Nf3 e6 3. g3 d5 4. exd5 exd5 5. Bg2 Qe7+ 6. Qe2 Nc6 7. Nc3 Nb4 8. Kd1 Qxe2+ 9. Nxe2 Bd6 10. d3 Ne7 11. Bf4 Bxf4 12. Nxf4 Nbc6 13. Re1 0-0 14. Ne5 Re8 15. Kd2 Kf8 16. c4 Nxe5 17. Rxe5 f6 18. Rh5 g6 19. Rxh7 Kg8 20. Rxe7 Rxe7 21. Nxg6 Rh7 22. Bxd5+ Kg7 23. Nh4 Bd7 24. a3 Bc6 25. Bxc6 bxc6 26. b4 Rh5 27. f4 Rb8 28. Kc3 Re8 29. Ra2 Re1 30. bxc5 Rxc5 31. Rb2 Ra5 32. Kb4 Rh5 33. f5 Re5 34. d4 c5+ 35. dxc5 Rh8 36. Kc3 Rd8 37. Rb7+ Kg8 38. c6 a5 39. Rd7 Rde8 40. Ng6 Re3+ 41. Rd3 Rxd3+ 42. Kxd3 Rd8+ 43. Ke4 Kf7 44. c5 a4 45. h4 Re8+ 46. Kd5 Rd8+ 47. Kc4 Rb8 48. h5 Kg7 49. Ne7 Rf8 50. c7 Kh8 51. Ng6+ Kg7 52. Nxf8 Kh6 53. c8Q Kg5 54. Ne6+ Kg4 55. h6 Kf3 56. h7 1-0

[Event "PRO League Stage"]
[Site "Chess.com INT"]
[Date "2017.02.15"]
[Round "6"]
[White "Zhou, Yang Fan"]
[Black "Thorfinnsson, Bjorn"]
[Result "1-0"]
[WhiteElo "2462"]
[BlackElo "2404"]
[PlyCount "79"]
[EventDate "2017.01.11"]
[EventType "team-swiss (rapid)"]
[EventRounds "7"]
[EventCountry "USA"]
[SourceTitle "CBM 176 Extra"]
[Source "ChessBase"]
[SourceDate "2017.03.02"]
[SourceVersion "1"]
[SourceVersionDate "2017.03.02"]
[SourceQuality "1"]
[WhiteTeam "London Lions"]
[BlackTeam "Reykjavik Puffins"]
[WhiteTeamCountry "ENG"]
[BlackTeamCountry "ISL"]

1. e4 e5 2. Nf3 Nc6 3. Bc4 Nf6 4. d3 h6 5. c3 d6 6. Nbd2 g6 7. 0-0 Bg7 8. a4 0-0 9. Re1 Nh5 10. Nf1 Qf6 11. Ne3 Nf4 12. Nd5 Nxd5 13. Bxd5 Ne7 14. Ba2 g5 15. Nd2 Ng6 16. Nf1 Nf4 17. Ng3 Qg6 18. d4 h5 19. Bb1 Bg4 20. f3 Bd7 21. Nf5 Rfe8 22. g3 Ne6 23. d5 Nf8 24. c4 Nh7 25. b4 a5 26. b5 Bh6 27. g4 Bf8 28. Ra2 c6 29. Rg2 Kh8 30. h4 Be7 31. gxh5 Qxh5 32. hxg5 Bxg5 33. f4 Qxd1 34. Rxd1 Bxf4 35. Nxd6 Re7 36. Bxf4 exf4 37. e5 Rf8 38. Rh2 f5 39. e6 Rg7+ 40. Kf2 1-0

[Event "BCF-chT1b 1617 (4NCL)"]
[Site "England"]
[Date "2017.01.15"]
[Round "4.55"]
[White "Zhou, Yang Fan"]
[Black "Claridge Hansen, William"]
[Result "1-0"]
[WhiteElo "2473"]
[BlackElo "2302"]
[PlyCount "97"]
[EventDate "2016.11.19"]
[EventType "team-tourn"]
[EventRounds "7"]
[EventCountry "ENG"]
[SourceTitle "EXT 2018"]
[Source "ChessBase"]
[SourceDate "2017.10.13"]
[SourceVersion "1"]
[SourceVersionDate "2017.10.13"]
[SourceQuality "1"]
[WhiteTeam "Guildford"]
[BlackTeam "Oxford"]
[WhiteTeamCountry "ENG"]
[BlackTeamCountry "ENG"]

1. e4 c5 2. b3 d6 3. Bb2 Nc6 4. Nc3 Nf6 5. Bb5 Bd7 6. Nge2 a6 7. Bxc6 Bxc6 8. Ng3 b5 9. d3 g6 10. Nd5 Bg7 11. Nxf6+ Bxf6 12. Bxf6 exf6 13. c4 Qa5+ 14. Qd2 Qxd2+ 15. Kxd2 0-0 16. f3 Rfb8 17. Ne2 Kf8 18. Kc3 a5 19. d4 a4 20. dxc5 dxc5 21. Nf4 b4+ 22. Kb2 Ke7 23. Rhd1 Rd8 24. bxa4 Rxd1 25. Rxd1 Rxa4 26. Nd3 Ra5 27. Nc1 Ra7 28. Re1 Ba4 29. Nd3 Rc7 30. e5 Bd7 31. Kb3 Be6 32. f4 f5 33. Ra1 Bd7 34. g3 f6 35. a3 fxe5 36. fxe5 Be6 37. axb4 cxb4 38. Rc1 Rd7 39. Nxb4 Rd2 40. Rc2 Rd1 41. Ra2 Rb1+ 42. Kc3 Rc1+ 43. Nc2 g5 44. Ra7+ Ke8 45. Kd2 Rg1 46. Nd4 Bxc4 47. Nxf5 Ba2 48. e6 Bd5 49. Nd6+ 1-0

[Event "BCF-chT1b 1617 (4NCL)"]
[Site "England"]
[Date "2017.01.14"]
[Round "3.55"]
[White "Gourlay, Iain"]
[Black "Zhou, Yang Fan"]
[Result "0-1"]
[WhiteElo "2385"]
[BlackElo "2473"]
[PlyCount "64"]
[EventDate "2016.11.19"]
[EventType "team-tourn"]
[EventRounds "7"]
[EventCountry "ENG"]
[SourceTitle "EXT 2018"]
[Source "ChessBase"]
[SourceDate "2017.10.13"]
[SourceVersion "1"]
[SourceVersionDate "2017.10.13"]
[SourceQuality "1"]
[WhiteTeam "White Rose"]
[BlackTeam "Guildford"]
[WhiteTeamCountry "ENG"]
[BlackTeamCountry "ENG"]

1. c4 g6 2. g3 Bg7 3. Bg2 e5 4. Nc3 Nc6 5. Rb1 d6 6. b4 f5 7. b5 Nce7 8. d3 Nf6 9. Nf3 h6 10. Ba3 Be6 11. Nd2 Rb8 12. Qa4 0-0 13. Bb4 Nc8 14. c5 Rf7 15. cxd6 cxd6 16. 0-0 d5 17. e3 Ne8 18. Rfd1 g5 19. d4 e4 20. f4 gxf4 21. gxf4 Bf6 22. Kh1 Bh4 23. Rf1 Rg7 24. Qd1 Nf6 25. Qe2 Bf7 26. Nb3 Bh5 27. Qd2 Nb6 28. Ba5 Qe8 29. Bxb6 axb6 30. Rg1 Kh8 31. Rbf1 Bg4 32. Rc1 Qh5 0-1